000 00346nam a2200145Ia 4500
008 200103s9999||||xx |||||||||||||| ||und||
040 _aIMU-MPC
082 _aColumn-11
100 _aKelly, Thomas J.
245 0 _aDamage Control
250 _a2nd ed.
260 _bD. Van Nostrand Company Ltd., London
_c1951
300 _axi, 254
942 _cBK
999 _c4621
_d4621